Districts of Khost With a Map - Statistics

General Stats
  • This quiz has been taken 19 times
  • The average score is 9 of 13
Answers on the Map
Answers color-coded by a green-red scale on the quiz's map according to % correct below.
 
Answer Stats
District % Correct
Khost
100%
Bak
75%
Gurbuz
75%
Mandozayi
75%
Musakhel
75%
Qalandar
75%
Sabari
75%
Shamal
75%
Spera
75%
Tani
75%
Nadir Shah Kot
63%
Tirazayi
50%
Zazi Maidan
38%
No matching quizzes found
Score Distribution
Percent of People with Each Score
Percentile by Number Answered
Your Score History
You have not taken this quiz